Pytlová hráze /

Hlavní autor: Faster, Petr, 1936-2009
Další autoři: Janíček, B., Zelený, J.
Jazyk: Čeština
Vydáno: [Ostrava : Hlavní báňská záchranná stanice, 1966]
Témata:
Fyzický popis: 1 sv. (nestr.)
Knihy
Uloženo v:
LEADER 01035nam a22002892a 4500
001 001616134
003 CZ BrMZK
005 20180522102851.0
007 ta
008 180213s1966 xr erf||||||||||cze d
040 |a BOA001  |b cze  |e aacr2 
072 7 |a 626/627  |x Vodní stavitelství. Vodní hospodářství  |2 Konspekt  |9 19 
080 |a 627.513/.516  |2 MRF 
080 |a (036)  |2 MRF 
100 1 |a Faster, Petr,  |d 1936-2009  |7 jk01030791  |4 aut 
245 1 0 |a Pytlová hráze /  |c Petr Faster, B. Janíček, J. Zelený 
260 |a [Ostrava :  |b Hlavní báňská záchranná stanice,  |c 1966] 
300 |a 1 sv. (nestr.) 
650 0 7 |a protipovodňová ochrana  |7 ph124676  |2 czenas 
655 7 |a informační publikace  |7 fd132454  |2 czenas 
700 1 |a Janíček, B.  |4 aut 
700 1 |a Zelený, J.  |4 aut 
772 0 8 |i Samostatná příloha seriálu:  |t Ostravský horník,  |g č. 7-8, 1966 
910 |a BOA001  |b X-0604.431 
990 |a BK 
991 |b 201802 
996 6 |b 2618927924  |c X-0604.431  |l MZK  |r Sklad / do 24 hodin  |n 0  |w 001651783  |u 000010  |a 1  |e BOA001  |j MZK50  |s P